[Event "Belem Velha op 1st"]
[Site "Belem"]
[Date "2014.11.22"]
[Round "4"]
[White "Santos, Gleydson Jose Barbo"]
[Black "Davi, Paulo"]
[Result "1-0"]
[WhiteElo "1924"]
[BlackElo "1784"]
[PlyCount "101"]
[EventDate "2014.11.20"]
[EventType "swiss"]
[EventRounds "6"]
[EventCountry "BRA"]
[SourceTitle "CBM 163 Extra"]
[Source "ChessBase"]
[SourceDate "2014.12.23"]
[SourceVersion "1"]
[SourceVersionDate "2014.12.23"]
[SourceQuality "1"]

1. e4 c5 2. d3 d6 3. g3 e6 4. Bg2 Nf6 5. Nf3 Nc6 6. 0-0 Be7 7. c3 0-0 8. Re1 Qc7 9. d4 cxd4 10. cxd4 Bd7 11. Nc3 a6 12. Bg5 Rfe8 13. Rc1 Qd8 14. e5 Ng4 15. Bxe7 Qxe7 16. h3 Nh6 17. Ne4 dxe5 18. dxe5 Rad8 19. Qd6 Bc8 20. Qxe7 Rxe7 21. Nd6 Nf5 22. Nxc8 Rxc8 23. g4 Nh6 24. Nd4 Rec7 25. Nxc6 bxc6 26. Rc5 Kf8 27. Rec1 Ng8 28. Rxc6 Rxc6 29. Rxc6 Rxc6 30. Bxc6 a5 31. f4 Ke7 32. Kf2 Kd8 33. Ke3 Ne7 34. Be4 h6 35. Kd4 Kc7 36. Kc5 f5 37. exf6 gxf6 38. f5 e5 39. Kb5 Kd6 40. Kxa5 Kc5 41. b4+ Kd4 42. Bg2 e4 43. Kb5 e3 44. Bf1 Nd5 45. a4 Kc3 46. a5 Nxb4 47. Kc5 Nd3+ 48. Kd6 Nb4 49. a6 Nxa6 50. Bxa6 Kd2 51. Ke6 1-0

[Event "Belem Carepa Memorial"]
[Site "Belem"]
[Date "2007.04.08"]
[Round "7.11"]
[White "Davi, Paulo"]
[Black "De V, Liduino Furtado Jr"]
[Result "0-1"]
[WhiteElo "1805"]
[BlackElo "1865"]
[PlyCount "94"]
[EventDate "2007.04.05"]
[EventType "swiss"]
[EventRounds "7"]
[EventCountry "BRA"]
[SourceTitle "EXT 2022"]
[Source "ChessBase"]
[SourceDate "2021.10.06"]
[SourceVersion "1"]
[SourceVersionDate "2021.10.06"]
[SourceQuality "1"]

1. d4 Nf6 2. f4 e6 3. Nf3 d5 4. e3 c5 5. c3 c4 6. Be2 Bd6 7. 0-0 0-0 8. Qe1 b5 9. Nbd2 b4 10. Ne5 bxc3 11. bxc3 Qa5 12. Nb1 Ne4 13. Bf3 f5 14. Bxe4 fxe4 15. a4 Nd7 16. Nc6 Qc7 17. Nb4 a5 18. Nc2 Nb6 19. Nca3 Be7 20. Nb5 Qc6 21. Ba3 Bxa3 22. Rxa3 Nxa4 23. Rxa4 Qxb5 24. Qd1 Bd7 25. Ra2 Rfb8 26. Raf2 Qb3 27. Qg4 a4 28. Qg5 a3 29. Nd2 Qxc3 30. Qe7 Rd8 31. Nb1 Qxe3 32. Kh1 Qxd4 33. Nxa3 Qf6 34. Qc5 Qf8 35. Qxf8+ Kxf8 36. Nc2 Ra2 37. g4 Rb8 38. Ne3 Rxf2 39. Rxf2 c3 40. f5 exf5 41. Kg2 d4 42. Nxf5 e3 43. Nxe3+ Kg8 44. Nc4 Bb5 45. Nd6 d3 46. Nxb5 Rxb5 47. Kf3 c2 0-1

[Event "Belem Carepa Memorial"]
[Site "Belem"]
[Date "2007.04.06"]
[Round "3.14"]
[White "Albuquerque, Carlos Patrick S"]
[Black "Davi, Paulo"]
[Result "1/2-1/2"]
[WhiteElo "1860"]
[BlackElo "1805"]
[PlyCount "111"]
[EventDate "2007.04.05"]
[EventType "swiss"]
[EventRounds "7"]
[EventCountry "BRA"]
[SourceTitle "EXT 2022"]
[Source "ChessBase"]
[SourceDate "2021.10.06"]
[SourceVersion "1"]
[SourceVersionDate "2021.10.06"]
[SourceQuality "1"]

1. d4 d5 2. e3 e6 3. Nf3 f5 4. c4 c6 5. Bd3 Nf6 6. Nc3 Bd6 7. Ne5 0-0 8. f4 Nbd7 9. 0-0 Ne4 10. Nxe4 fxe4 11. Be2 Nxe5 12. dxe5 Bc5 13. a3 a5 14. Bd2 Qb6 15. Qc1 Bd7 16. Kh1 g6 17. Bg4 h5 18. Bh3 Kg7 19. Rb1 d4 20. exd4 Bxd4 21. Qc2 e3 22. Bc3 c5 23. Bxd4 cxd4 24. c5 Qb5 25. g3 Rf7 26. Rfd1 Bc6+ 27. Kg1 Bd5 28. Rxd4 Rc8 29. Rc1 Rfc7 30. b4 axb4 31. axb4 b6 32. Bf1 Qc6 33. Qd3 e2 34. Qxe2 bxc5 35. bxc5 Qa8 36. Bg2 Qa3 37. Rdd1 Rxc5 38. Rxc5 Qxc5+ 39. Kh1 Bb3 40. Rd7+ Kh6 41. h4 Qc1+ 42. Qf1 Qc3 43. Qf2 Qc1+ 44. Kh2 Rc2 45. Qa7 Rxg2+ 46. Kxg2 Bd5+ 47. Rxd5 exd5 48. Qa8 Qc2+ 49. Kf3 Qe4+ 50. Kf2 Qc2+ 51. Ke3 Qc3+ 52. Kf2 Qd2+ 53. Kg1 Qe1+ 54. Kg2 Qe2+ 55. Kh1 Qf3+ 56. Kh2 1/2-1/2